Implantació del pas de vianants a les travesseres urbanes / equip redactor: Ole Thorson ... [et al.] ; coordinació: Àrea d'Infraestructures, Urbanisme i Habitatge Ole Thorson ... [et al.] ; coordinació:
ISBN:
978-84-9803-356-4
Publicado:
Barcelona :
Diputació de Barcelona. Àrea d'Infraestructures, Urbanisme i Habitatge. Oficina Tècnica de Mobilitat i Seguretat Viària Local ,
2009
Descripción Física:
78 p. : il. col., map. ; 29 cm
Colección:
Documents de treball. Territori ; 13
Otros Autores:
Thorson, Ole
MARC
| LEADER | 00000nam a2200000Ia 4500 | ||
|---|---|---|---|
| 001 | 22319 | ||
| 003 | BGR | ||
| 005 | 20260324175818.0 | ||
| 008 | 160829s2009 xx 000 0 cat d | ||
| 020 | |a 978-84-9803-356-4 | ||
| 080 | |a C-3-267 | ||
| 245 | |a Implantació del pas de vianants a les travesseres urbanes / equip redactor: |b Ole Thorson ... [et al.] ; coordinació: |b Àrea d'Infraestructures, Urbanisme i Habitatge | ||
| 260 | |a Barcelona : |b Diputació de Barcelona. Àrea d'Infraestructures, Urbanisme i Habitatge. Oficina Tècnica de Mobilitat i Seguretat Viària Local, |c 2009 | ||
| 300 | |a 78 p. : |b il. col., map. ; |c 29 cm | ||
| 490 | |a Documents de treball. Territori ; 13 | ||
| 650 | |a Zones de vianants |x Barcelona (Província) |9 42120 | ||
| 650 | |a Voreres |x Barcelona (Província) |9 42121 | ||
| 650 | 0 | |a Rehabilitació urbana |z Barcelona (Província) |9 42122 | |
| 650 | |a Disseny urbà |x Barcelona (Província) |9 42123 | ||
| 700 | |a Thorson, Ole |9 42124 | ||
| 710 | |a Barcelona (Catalunya : Província). |b Àrea d'Infraestructures, Urbanisme i Habitatge |e entitat coordinadora |9 13533 | ||
| 710 | 1 | |a Barcelona (Catalunya : Província). |b Diputació |e Oficina Tècnica de Mobilitat i Seguretat Viària Local |9 52408 | |
| 901 | |a Arxiu | ||
| 942 | |n 1 |2 udc |c MON | ||
| 952 | |0 0 |1 0 |4 0 |6 C3267 |7 1 |9 50671 |a Arxiu |b Arxiu |d 2016-12-01 |l 0 |o C-3-267 |p 22319 |r 2016-12-01 00:00:00 |w 2016-12-01 |y ARXIU | ||
| 999 | |c 54513 |d 54513 | ||